Gis basics (Record no. 3943)

MARC details
000 -LEADER
fixed length control field 00435nam a22001577a 4500
008 - FIXED-LENGTH DATA ELEMENTS--GENERAL INFORMATION
fixed length control field 250623b |||||||| |||| 00| 0 eng d
020 ## - INTERNATIONAL STANDARD BOOK NUMBER
ISBN 9789393159236
100 ## - MAIN ENTRY--AUTHOR
Author Fazal Shahab
245 ## - TITLE STATEMENT
Title Gis basics
250 ## - EDITION STATEMENT
Edition statement 2nd edition
260 ## - PUBLICATION, DISTRIBUTION, ETC. (IMPRINT)
Place of publication New Delhi
Name of publisher New age international limited publisher
Date of publication 2024
300 ## - COLLATION
Pagination ix, 367
Other physical details ill
650 ## - TRACINGS
Main Subject Geographic information systems- textbook
942 ## - ADDED ENTRY ELEMENTS (KOHA)
Item type Books
050 ## - LIBRARY OF CONGRESS CALL NUMBER
Classification number G70.212
Item number .F39
Holdings
Source of classification or shelving scheme Not for loan Permanent location Current location Date acquired Accession No. Full call number Barcode. Koha item type
Library of Congress Classification   Samuel Ogbemudia Main Library, University of Abuja Samuel Ogbemudia Main Library, University of Abuja 06/23/2025 2025/65044 G70.212.F39 2025-2644 Books